NBA All-Stars 2015 - Statistics

General Stats
  • This quiz has been taken 5,028 times
    5,016 since last reset
  • The average score is 25 of 28
Answer Stats
Team Player % Correct
Golden State Stephen Curry
100%
Houston James Harden
98%
Oklahoma City Russell Westbrook
98%
Los Angeles Clippers Chris Paul
97%
Oklahoma City Kevin Durant
97%
Los Angeles Lakers Kobe Bryant
97%
Cleveland LeBron James
97%
New Orleans Anthony Davis
96%
Los Angeles Clippers Blake Griffin
96%
Golden State Klay Thompson
96%
Portland Damian Lillard
95%
Dallas Dirk Nowitzki
94%
Miami Dwyane Wade
94%
Washington John Wall
92%
Memphis Marc Gasol
92%
New York Carmelo Anthony
91%
Cleveland Kyrie Irving
91%
Chicago Pau Gasol
91%
San Antonio Tim Duncan
91%
Toronto Kyle Lowry
88%
Sacramento DeMarcus Cousins
86%
Miami Chris Bosh
84%
Chicago Jimmy Butler
84%
Portland LaMarcus Aldridge
75%
Atlanta Paul Millsap
75%
Atlanta Al Horford
73%
Atlanta Kyle Korver
70%
Atlanta Jeff Teague
65%
No matching quizzes found
Score Distribution
Percent of People with Each Score
Percentile by Number Answered
Your Score History
You have not taken this quiz since the last reset